000 00318nam a2200121Ia 4500
005 20251222141951.0
008 251222s9999||||xx |||||||||||||| ||spa||
020 _a84-89761-06-X
082 _aREF.203/S52
100 _a"Sierra Bravo, Restituto"
245 0 _aDiccionario social de los padres de la Iglesia
942 _cLIB
999 _c9671
_d9671